Barcelona : guia de biblioteques : la lectura pública a Barcelona guia de biblioteques :
Publicado:
Barcelona :
Ajuntament de Barcelona ; amb la col·laboració de Diputació de Barcelona, dl 1991
Descripción Física:
139 p. : il. ; 18 cm
Materias:
Biblioteques -- Barcelona -- Guies
MARC
| LEADER | 00000nam a2200000Ia 4500 | ||
|---|---|---|---|
| 001 | 9552 | ||
| 008 | 160829s9999 xx 000 0 cat d | ||
| 080 | |a A-2-54 | ||
| 245 | |a Barcelona : |b guia de biblioteques : |b la lectura pública a Barcelona | ||
| 260 | |a Barcelona : |b Ajuntament de Barcelona ; amb la col·laboració de Diputació de Barcelona, dl 1991 | ||
| 300 | |a 139 p. : |b il. ; |c 18 cm | ||
| 650 | |a Biblioteques |x Barcelona |x Guies |9 37552 | ||
| 710 | 1 | |a Barcelona (Catalunya). |b Ajuntament |9 50981 | |
| 710 | 1 | |a Barcelona (Catalunya : Província). |b Diputació |9 52408 | |
| 901 | |a Arxiu | ||
| 942 | |n 1 | ||
| 952 | |0 0 |1 0 |4 0 |6 A254 |7 1 |9 47926 |a Arxiu |b Arxiu |d 2016-12-01 |l 0 |o A-2-54 |p 9552 |r 2016-12-01 00:00:00 |w 2016-12-01 |y ARXIU | ||
| 999 | |c 51726 |d 51726 | ||